000 00250nam a2200097Ia 4500
001 1050367
005 20250827001207.0
008 250824s9999 xx 000 0 und d
245 0 _aOSMANLI PADİŞAHLARI
_cERHAN AFYONCU
260 _bYEDİTEPE YAYINLARI
999 _c1050367
_d1050367